00000000nam 2200000zi 4500
0019.948722
003CaOODSP
00520250612100336
006m     o  d f      
007cr mn|||||||||
008250304t20252025oncab   ob   f000 0 eng d
020 |a9780660761602
040 |aCaOODSP|beng|erda|cCaOODSP
043 |an-cn---
045 |ay2y2
0861 |aFA1-27/2025-1-2E-PDF
1101 |aCanada. |bOffice of the Auditor General, |eauthor, |eissuing body.
24510|aDelivering Canada's future fighter jet capability : |bindependent auditor's report.
264 1|a[Ottawa] : |bOffice of the Auditor General of Canada = Bureau du vérificateur général du Canada, |c2025.
264 4|c©2025
300 |a1 online resource (v, 24 pages) : |bcolour illustrations, colour map.
336 |atext|btxt|2rdacontent
337 |acomputer|bc|2rdamedia
338 |aonline resource|bcr|2rdacarrier
4901 |aReports of the Auditor General of Canada to the Parliament of Canada, |x2561-343X ; |vreport 2
500 |aIssued also in French under title: Assurer la capacité future du Canada en matière d'avions de chasse : rapport de l'auditeur indépendant.
504 |aIncludes bibliographical references.
520 |a"This independent assurance report was prepared by the Office of the Auditor General of Canada on the preparations and progress to introduce the CF-35A fighter aircraft into service. Our responsibility was to provide objective information, advice, and assurance to assist Parliament in its scrutiny of the government's management of resources and programs and to conclude on whether National Defence's Future Fighter Capability Project complied in all significant respects with the applicable criteria. … The objective of this audit was to determine whether National Defence developed plans for the introduction of the CF-35A fighter aircraft into service and achieved progress against them so that fighter capability would be delivered on time and on budget to meet the government's operational commitments to the North American Aerospace Defense Command (NORAD) and the North Atlantic Treaty Organization (NATO), and to assert Canadian sovereignty. …"--About the audit, page 17.
61010|aCanada. |bDepartment of National Defence|xAuditing.
650 0|aF-35 (Military aircraft)|xPurchasing|zCanada.
650 0|aF-35 (Military aircraft)|xPlanning.
77508|tAssurer la capacité future du Canada en matière d'avions de chasse : |w(CaOODSP)9.948723
830#0|aReports of the Auditor General of Canada to the Parliament of Canada ;|vreport 2.|w(CaOODSP)9.846691
85640|qPDF|s3.09 MB|uhttps://publications.gc.ca/collections/collection_2025/bvg-oag/FA1-27-2025-1-2-eng.pdf|z[Report]
8564 |qHTML|sN/A|uhttps://www.oag-bvg.gc.ca/internet/English/parl_oag_202506_02_e_44643.html|z[Summary]